[Event "Women's Baku Chess Olympiad"]
[Site "chess24.com"]
[Date "2016.09.10"]
[Round "8"]
[White "Laubscher, Anzel"]
[Black "Richards, Deborah"]
[Result "0-1"]
[Board "1"]
[WhiteID "14300800"]
[WhiteElo "1814"]
[WhiteTitle "WIM"]
[WhiteCountry "RSA"]
[WhiteFideId "14300800"]
[WhiteEloChange "-5"]
[BlackID "7400446"]
[BlackElo "2023"]
[BlackTitle "WIM"]
[BlackCountry "JAM"]
[BlackFideId "7400446"]
[BlackEloChange "5"]

1. d4 {[%clk 1:30:56]} d5 {[%clk 1:30:44]} 2. c4 {[%clk 1:31:21]} c6 {[%clk
1:31:05]} 3. Nf3 {[%clk 1:31:38]} Nf6 {[%clk 1:31:26]} 4. e3 {[%clk 1:31:54]} Bf5
{[%clk 1:30:08]} 5. Nc3 {[%clk 1:31:45]} e6 {[%clk 1:30:20]} 6. Nh4 {[%clk
1:31:44]} Bg4 {[%clk 1:26:06]} 7. Qb3 {[%clk 1:26:41]} Qb6 {[%clk 1:23:27]} 8. c5
{[%clk 1:21:39]} Qc7 {[%clk 1:23:05]} 9. h3 {[%clk 1:11:58]} Bh5 {[%clk 1:23:12]}
10. g4 {[%clk 1:11:59]} Bg6 {[%clk 1:23:29]} 11. Nxg6 {[%clk 1:11:42]} hxg6
{[%clk 1:23:10]} 12. Bg2 {[%clk 1:06:35]} Nbd7 {[%clk 1:22:54]} 13. Bd2 {[%clk
1:00:30]} Be7 {[%clk 1:08:21]} 14. Qc2 {[%clk 0:54:20]} e5 {[%clk 1:05:23]} 15.
O-O-O {[%clk 0:50:49]} b6 {[%clk 0:58:45]} 16. g5 {[%clk 0:44:28]} Nh5 {[%clk
0:50:12]} 17. cxb6 {[%clk 0:39:34]} Qxb6 {[%clk 0:49:26]} 18. dxe5 {[%clk
0:34:51]} Nxe5 {[%clk 0:34:59]} 19. Na4 {[%clk 0:31:27]} Qb5 {[%clk 0:33:29]} 20.
Bc3 {[%clk 0:27:51]} Nc4 {[%clk 0:33:06]} 21. h4 {[%clk 0:22:03]} Rb8 {[%clk
0:29:27]} 22. Bf1 {[%clk 0:17:42]} O-O {[%clk 0:11:28]} 23. b3 {[%clk 0:16:30]}
Qxa4 {[%clk 0:10:16]} 24. Bxc4 {[%clk 0:13:18]} Qa3+ {[%clk 0:09:57]} 25. Bb2
{[%clk 0:09:57]} Qxa2 {[%clk 0:09:51]} 26. Bd3 {[%clk 0:07:08]} Rxb3 {[%clk
0:08:29]} 27. Bxg7 {[%clk 0:04:12]} Ba3+ {[%clk 0:03:04]} 28. Kd2 {[%clk
0:03:49]} Rxd3+ {[%clk 0:03:24]} 29. Kxd3 {[%clk 0:03:51]} Qxc2+ {[%clk 0:03:40]}
30. Kxc2 {[%clk 0:04:15]} Nxg7 {[%clk 0:04:01]} 31. Ra1 {[%clk 0:03:45]} Bc5
{[%clk 0:04:17]} 32. Kd3 {[%clk 0:03:19]} Bb6 {[%clk 0:04:11]} 33. Rac1 {[%clk
0:02:50]} c5 {[%clk 0:04:28]} 34. Rhd1 {[%clk 0:02:27]} Re8 {[%clk 0:03:08]} 35.
Rc2 {[%clk 0:01:35]} Re4 {[%clk 0:02:16]} 36. Rh1 {[%clk 0:01:29]} Ra4 {[%clk
0:02:03]} 37. Ke2 {[%clk 0:01:21]} Nf5 {[%clk 0:02:01]} 38. h5 {[%clk 0:01:18]}
Rg4 {[%clk 0:02:03]} 39. hxg6 {[%clk 0:00:46]} fxg6 {[%clk 0:02:29]} 40. Rd2
{[%clk 0:30:50]} d4 {[%clk 0:32:19]} 41. Kf3 {[%clk 0:26:39]} Rxg5 {[%clk
0:26:12]} 42. Kf4 {[%clk 0:25:43]} Rg2 {[%clk 0:25:35]} 43. e4 {[%clk 0:25:32]}
Ng7 {[%clk 0:21:14]} 44. Ke5 {[%clk 0:22:53]} Kf7 {[%clk 0:15:31]} 45. Kd6 {[%clk
0:21:39]} Ne8+ {[%clk 0:11:43]} 46. Kc6 {[%clk 0:19:55]} Ke6 {[%clk 0:11:56]} 47.
Rh8 {[%clk 0:18:54]} Nf6 {[%clk 0:10:27]} 48. e5 {[%clk 0:17:32]} Nd5 {[%clk
0:10:10]} 49. Re8+ {[%clk 0:15:49]} Ne7+ {[%clk 0:10:27]} 50. Kb5 {[%clk
0:15:49]} g5 {[%clk 0:09:19]} 51. Kc4 {[%clk 0:13:45]} g4 {[%clk 0:09:14]} 52.
Kd3 {[%clk 0:13:42]} g3 {[%clk 0:08:17]} 53. fxg3 {[%clk 0:13:51]} c4+ {[%clk
0:08:31]} 54. Kc2 {[%clk 0:13:32]} d3+ {[%clk 0:08:54]} 0-1

[Event "Women's Baku Chess Olympiad"]
[Site "chess24.com"]
[Date "2016.09.10"]
[Round "8"]
[White "Miller, Rachel"]
[Black "February, Jesse Nikki"]
[Result "0-1"]
[Board "2"]
[WhiteID "7401302"]
[WhiteElo "1971"]
[WhiteTitle "CM"]
[WhiteCountry "JAM"]
[WhiteFideId "7401302"]
[WhiteEloChange "-11"]
[BlackID "14312336"]
[BlackElo "1922"]
[BlackTitle "WIM"]
[BlackCountry "RSA"]
[BlackFideId "14312336"]
[BlackEloChange "11"]

1. e4 {[%clk 1:30:47]} e6 {[%clk 1:30:39]} 2. d4 {[%clk 1:30:55]} d5 {[%clk
1:31:01]} 3. exd5 {[%clk 1:30:59]} exd5 {[%clk 1:31:18]} 4. Nf3 {[%clk 1:31:01]}
Bd6 {[%clk 1:31:13]} 5. Bd3 {[%clk 1:30:57]} Nc6 {[%clk 1:29:24]} 6. c3 {[%clk
1:24:58]} Bg4 {[%clk 1:27:43]} 7. O-O {[%clk 1:24:39]} Nge7 {[%clk 1:27:42]} 8.
Re1 {[%clk 1:23:23]} f6 {[%clk 1:25:19]} 9. Nbd2 {[%clk 1:19:01]} Qd7 {[%clk
1:23:37]} 10. Qc2 {[%clk 1:16:53]} O-O-O {[%clk 1:19:52]} 11. b4 {[%clk 1:09:44]}
Rde8 {[%clk 1:18:12]} 12. a4 {[%clk 1:00:44]} Bf5 {[%clk 1:13:10]} 13. a5 {[%clk
0:52:34]} Bxd3 {[%clk 1:01:41]} 14. Qxd3 {[%clk 0:52:53]} Qf5 {[%clk 1:01:06]}
15. Qf1 {[%clk 0:51:12]} g5 {[%clk 0:56:54]} 16. b5 {[%clk 0:47:49]} Nd8 {[%clk
0:54:44]} 17. Ba3 {[%clk 0:23:13]} Bxa3 {[%clk 0:52:56]} 18. Rxa3 {[%clk
0:23:38]} g4 {[%clk 0:53:03]} 19. Nh4 {[%clk 0:23:24]} Qg5 {[%clk 0:53:07]} 20.
b6 {[%clk 0:20:37]} a6 {[%clk 0:48:44]} 21. bxc7 {[%clk 0:19:52]} Kxc7 {[%clk
0:47:02]} 22. Re3 {[%clk 0:07:11]} Qxh4 {[%clk 0:45:59]} 23. Qe1 {[%clk 0:07:28]}
f5 {[%clk 0:39:23]} 24. c4 {[%clk 0:07:46]} f4 {[%clk 0:34:00]} 25. Re2 {[%clk
0:05:24]} Kd7 {[%clk 0:16:55]} 26. cxd5 {[%clk 0:05:45]} Nxd5 {[%clk 0:15:58]}
27. Ne4 {[%clk 0:06:03]} Re7 {[%clk 0:14:22]} 28. g3 {[%clk 0:01:22]} Qh6 {[%clk
0:11:02]} 29. Nc5+ {[%clk 0:01:45]} Ke8 {[%clk 0:09:26]} 30. Rxe7+ {[%clk
0:02:08]} Nxe7 {[%clk 0:09:50]} 31. gxf4 {[%clk 0:01:07]} Qxf4 {[%clk 0:08:04]}
32. Re3 {[%clk 0:01:26]} Qd6 {[%clk 0:04:19]} 33. Ne6 {[%clk 0:00:36]} Ndc6
{[%clk 0:03:14]} 34. d5 {[%clk 0:00:38]} Nb4 {[%clk 0:01:27]} 35. Ng7+ {[%clk
0:00:37]} Kf7 {[%clk 0:00:56]} 36. Re6 {[%clk 0:00:44]} Qc5 {[%clk 0:00:39]} 37.
Qe5 {[%clk 0:00:38]} Qc1+ {[%clk 0:00:36]} 38. Kg2 {[%clk 0:01:03]} Nbxd5 {[%clk
0:00:53]} 39. Nh5 {[%clk 0:00:58]} Rg8 {[%clk 0:00:36]} 40. Nf6 {[%clk 0:30:36]}
Nf4+ {[%clk 0:30:56]} 41. Kg3 {[%clk 0:28:35]} Qg1+ {[%clk 0:26:21]} 42. Kxf4
{[%clk 0:28:04]} Ng6+ {[%clk 0:26:42]} 43. Ke4 {[%clk 0:27:42]} Nxe5 {[%clk
0:26:04]} 44. Kxe5 {[%clk 0:27:18]} Rg5+ {[%clk 0:26:11]} 45. Kf4 {[%clk
0:27:33]} Qc1+ {[%clk 0:26:02]} 46. Re3 {[%clk 0:27:15]} Kxf6 {[%clk 0:26:25]}
47. h4 {[%clk 0:25:04]} Qc7+ {[%clk 0:26:22]} 48. Ke4 {[%clk 0:25:24]} Qc4#
{[%clk 0:26:22]} 0-1

[Event "Women's Baku Chess Olympiad"]
[Site "chess24.com"]
[Date "2016.09.10"]
[Round "8"]
[White "Fisher, Michelle M"]
[Black "Barrett, Ariel"]
[Result "1-0"]
[Board "3"]
[WhiteID "14307553"]
[WhiteElo "1701"]
[WhiteTitle "WCM"]
[WhiteCountry "RSA"]
[WhiteFideId "14307553"]
[WhiteEloChange "12"]
[BlackID "7400411"]
[BlackElo "1763"]
[BlackTitle "WCM"]
[BlackCountry "JAM"]
[BlackFideId "7400411"]
[BlackEloChange "-12"]

1. c4 {[%clk 1:30:56]} c6 {[%clk 1:30:54]} 2. Nc3 {[%clk 1:31:04]} e6 {[%clk
1:30:42]} 3. Nf3 {[%clk 1:30:56]} d5 {[%clk 1:30:58]} 4. d4 {[%clk 1:30:22]} Nf6
{[%clk 1:26:29]} 5. e3 {[%clk 1:30:16]} dxc4 {[%clk 1:24:19]} 6. Bxc4 {[%clk
1:30:07]} b5 {[%clk 1:21:47]} 7. Bd3 {[%clk 1:26:51]} Nbd7 {[%clk 1:19:38]} 8.
O-O {[%clk 1:23:41]} Bb7 {[%clk 1:18:45]} 9. Bd2 {[%clk 1:11:33]} Bd6 {[%clk
1:13:18]} 10. Rc1 {[%clk 1:07:05]} Qb6 {[%clk 1:03:06]} 11. Ng5 {[%clk 0:56:47]}
a5 {[%clk 0:47:30]} 12. Nce4 {[%clk 0:51:20]} Be7 {[%clk 0:43:54]} 13. Nxf6+
{[%clk 0:44:12]} Nxf6 {[%clk 0:43:54]} 14. Ne4 {[%clk 0:44:14]} Nxe4 {[%clk
0:28:10]} 15. Bxe4 {[%clk 0:44:38]} h6 {[%clk 0:27:54]} 16. Qf3 {[%clk 0:39:40]}
Rc8 {[%clk 0:27:35]} 17. Rc2 {[%clk 0:38:07]} f5 {[%clk 0:20:44]} 18. Qh5+ {[%clk
0:37:33]} Kd7 {[%clk 0:19:25]} 19. Bd3 {[%clk 0:35:09]} c5 {[%clk 0:16:38]} 20.
dxc5 {[%clk 0:34:31]} Rxc5 {[%clk 0:16:42]} 21. Rxc5 {[%clk 0:34:09]} Qxc5 {[%clk
0:17:10]} 22. Qe2 {[%clk 0:33:06]} b4 {[%clk 0:14:20]} 23. Bb5+ {[%clk 0:30:40]}
Bc6 {[%clk 0:10:23]} 24. Bc4 {[%clk 0:27:59]} Bf6 {[%clk 0:09:27]} 25. Rc1 {[%clk
0:27:22]} Qd6 {[%clk 0:09:00]} 26. Rd1 {[%clk 0:25:46]} Ke7 {[%clk 0:08:18]} 27.
a3 {[%clk 0:23:26]} Rb8 {[%clk 0:06:39]} 28. Bxb4 {[%clk 0:22:11]} axb4 {[%clk
0:01:41]} 29. Rxd6 {[%clk 0:22:33]} Kxd6 {[%clk 0:02:08]} 30. axb4 {[%clk
0:22:29]} Rxb4 {[%clk 0:01:24]} 31. b3 {[%clk 0:22:39]} Ke7 {[%clk 0:01:26]} 32.
Qd2 {[%clk 0:20:21]} Rb8 {[%clk 0:01:06]} 33. Qa5 {[%clk 0:20:18]} 1-0

[Event "Women's Baku Chess Olympiad"]
[Site "chess24.com"]
[Date "2016.09.10"]
[Round "8"]
[White "Smith, Annesha"]
[Black "Van Niekerk, Lauren"]
[Result "0-1"]
[Board "4"]
[WhiteID "7400683"]
[WhiteElo "1770"]
[WhiteTitle "WCM"]
[WhiteCountry "JAM"]
[WhiteFideId "7400683"]
[WhiteEloChange "-14"]
[BlackID "14305003"]
[BlackElo "1643"]
[BlackTitle "WFM"]
[BlackCountry "RSA"]
[BlackFideId "14305003"]
[BlackEloChange "14"]

1. d4 {[%clk 1:30:56]} d5 {[%clk 1:30:53]} 2. c4 {[%clk 1:31:16]} e6 {[%clk
1:31:17]} 3. Nf3 {[%clk 1:31:38]} Nf6 {[%clk 1:31:33]} 4. g3 {[%clk 1:32:04]} Be7
{[%clk 1:31:14]} 5. Bg2 {[%clk 1:32:22]} O-O {[%clk 1:30:44]} 6. O-O {[%clk
1:32:34]} c6 {[%clk 1:29:48]} 7. Qc2 {[%clk 1:31:08]} Nbd7 {[%clk 1:27:50]} 8.
Nbd2 {[%clk 1:30:46]} Re8 {[%clk 1:26:02]} 9. Rd1 {[%clk 1:30:21]} Bd6 {[%clk
1:18:52]} 10. b3 {[%clk 1:20:38]} Qc7 {[%clk 1:05:08]} 11. c5 {[%clk 1:15:10]}
Be7 {[%clk 1:01:42]} 12. Bb2 {[%clk 1:14:58]} b6 {[%clk 0:58:55]} 13. cxb6 {[%clk
1:14:03]} Qxb6 {[%clk 0:57:39]} 14. Ne5 {[%clk 1:05:39]} Nxe5 {[%clk 0:56:19]}
15. dxe5 {[%clk 1:06:07]} Ng4 {[%clk 0:56:17]} 16. e3 {[%clk 1:06:26]} f5 {[%clk
0:48:13]} 17. h3 {[%clk 1:04:05]} Nh6 {[%clk 0:47:29]} 18. Nf3 {[%clk 0:54:50]}
c5 {[%clk 0:38:14]} 19. Ne1 {[%clk 0:52:04]} Bb7 {[%clk 0:36:20]} 20. Rac1 {[%clk
0:51:07]} Rac8 {[%clk 0:36:32]} 21. Qe2 {[%clk 0:51:08]} Rf8 {[%clk 0:30:40]} 22.
Rc2 {[%clk 0:41:41]} Ba6 {[%clk 0:29:24]} 23. Qh5 {[%clk 0:40:28]} Nf7 {[%clk
0:28:34]} 24. h4 {[%clk 0:38:38]} g6 {[%clk 0:26:04]} 25. Qf3 {[%clk 0:38:19]} c4
{[%clk 0:24:36]} 26. Bd4 {[%clk 0:38:20]} Qb8 {[%clk 0:23:43]} 27. bxc4 {[%clk
0:34:36]} Bxc4 {[%clk 0:23:10]} 28. Rb2 {[%clk 0:32:31]} Qc7 {[%clk 0:22:30]} 29.
Rdb1 {[%clk 0:17:56]} Nxe5 {[%clk 0:20:01]} 30. Qd1 {[%clk 0:18:11]} Rb8 {[%clk
0:17:54]} 31. Qa4 {[%clk 0:15:55]} Rxb2 {[%clk 0:15:19]} 32. Rxb2 {[%clk
0:16:23]} Nc6 {[%clk 0:13:18]} 33. Nf3 {[%clk 0:13:38]} Rc8 {[%clk 0:08:04]} 34.
Bc3 {[%clk 0:12:17]} Bc5 {[%clk 0:05:59]} 35. Ng5 {[%clk 0:09:57]} Qe7 {[%clk
0:05:01]} 36. Bf1 {[%clk 0:10:04]} Bxf1 {[%clk 0:04:42]} 37. Kxf1 {[%clk
0:10:33]} Bb6 {[%clk 0:04:07]} 38. Bb4 {[%clk 0:08:16]} Nxb4 {[%clk 0:03:45]} 39.
Qxb4 {[%clk 0:08:35]} Qxb4 {[%clk 0:02:40]} 40. Rxb4 {[%clk 0:39:04]} Rc6 {[%clk
0:32:08]} 41. Rb2 {[%clk 0:38:06]} Kg7 {[%clk 0:30:50]} 42. Ke2 {[%clk 0:36:32]}
h6 {[%clk 0:30:16]} 43. Nf3 {[%clk 0:36:56]} Kf6 {[%clk 0:29:24]} 44. Kd3 {[%clk
0:37:07]} e5 {[%clk 0:28:08]} 45. Kd2 {[%clk 0:35:59]} Ke6 {[%clk 0:26:21]} 46.
Rc2 {[%clk 0:35:18]} Ba5+ {[%clk 0:23:54]} 47. Kd1 {[%clk 0:35:29]} Rxc2 {[%clk
0:23:17]} 48. Kxc2 {[%clk 0:35:58]} Kd6 {[%clk 0:22:02]} 49. Kd1 {[%clk 0:35:17]}
Bc3 {[%clk 0:19:39]} 50. Kc2 {[%clk 0:35:17]} Bb4 {[%clk 0:18:59]} 51. Kd1 {[%clk
0:33:51]} a6 {[%clk 0:17:53]} 52. Ng1 {[%clk 0:33:27]} Kc5 {[%clk 0:15:34]} 53.
Nf3 {[%clk 0:33:14]} Bc3 {[%clk 0:15:17]} 54. Kc2 {[%clk 0:33:28]} Kc4 {[%clk
0:15:01]} 55. h5 {[%clk 0:30:04]} g5 {[%clk 0:10:28]} 56. e4 {[%clk 0:19:56]}
dxe4 {[%clk 0:09:54]} 57. Nxg5 {[%clk 0:20:14]} hxg5 {[%clk 0:08:39]} 58. h6
{[%clk 0:19:59]} e3 {[%clk 0:08:59]} 0-1

[Event "Women's Baku Chess Olympiad"]
[Site "chess24.com"]
[Date "2016.09.10"]
[Round "8"]
[White "Samaganova, Alexandra"]
[Black "Ranasinghe, S D"]
[Result "1/2-1/2"]
[Board "1"]
[WhiteID "13800221"]
[WhiteElo "2048"]
[WhiteCountry "KGZ"]
[WhiteFideId "13800221"]
[WhiteEloChange "-7"]
[BlackID "9902651"]
[BlackElo "1731"]
[BlackTitle "WIM"]
[BlackCountry "SRI"]
[BlackFideId "9902651"]
[BlackEloChange "7"]

1. c4 {[%clk 1:30:55]} c5 {[%clk 1:30:35]} 2. Nc3 {[%clk 1:30:52]} Nc6 {[%clk
1:30:57]} 3. g3 {[%clk 1:31:10]} g6 {[%clk 1:31:13]} 4. Bg2 {[%clk 1:31:32]} Bg7
{[%clk 1:31:39]} 5. e4 {[%clk 1:28:12]} e6 {[%clk 1:26:43]} 6. Nge2 {[%clk
1:27:59]} Nge7 {[%clk 1:27:06]} 7. O-O {[%clk 1:27:45]} O-O {[%clk 1:27:28]} 8.
a3 {[%clk 1:25:50]} a6 {[%clk 1:27:14]} 9. Rb1 {[%clk 1:19:51]} Rb8 {[%clk
1:27:05]} 10. b4 {[%clk 1:19:01]} cxb4 {[%clk 1:27:30]} 11. axb4 {[%clk 1:19:28]}
b5 {[%clk 1:27:53]} 12. cxb5 {[%clk 1:10:42]} axb5 {[%clk 1:28:15]} 13. Qb3
{[%clk 1:10:45]} d6 {[%clk 1:19:50]} 14. d3 {[%clk 0:56:57]} Kh8 {[%clk 1:05:50]}
15. Be3 {[%clk 0:54:08]} e5 {[%clk 1:05:42]} 16. Rbd1 {[%clk 0:39:47]} Bg4 {[%clk
1:01:10]} 17. h3 {[%clk 0:36:22]} Be6 {[%clk 1:00:36]} 18. Qb1 {[%clk 0:35:54]}
Qd7 {[%clk 0:58:31]} 19. Kh2 {[%clk 0:34:58]} Rfc8 {[%clk 0:44:24]} 20. f4 {[%clk
0:17:56]} f5 {[%clk 0:41:21]} 21. Bg1 {[%clk 0:13:32]} d5 {[%clk 0:27:33]} 22.
fxe5 {[%clk 0:05:28]} Nxe5 {[%clk 0:21:52]} 23. d4 {[%clk 0:03:12]} Nc4 {[%clk
0:21:25]} 24. exd5 {[%clk 0:02:34]} Nxd5 {[%clk 0:21:21]} 25. Nxd5 {[%clk
0:02:52]} Bxd5 {[%clk 0:21:46]} 26. Bxd5 {[%clk 0:03:06]} Qxd5 {[%clk 0:22:12]}
27. Nf4 {[%clk 0:03:25]} Qd7 {[%clk 0:17:04]} 28. d5 {[%clk 0:03:36]} Na3 {[%clk
0:16:54]} 29. Qd3 {[%clk 0:02:01]} Rc3 {[%clk 0:17:06]} 30. Qe2 {[%clk 0:02:08]}
Re8 {[%clk 0:14:21]} 31. Qg2 {[%clk 0:02:27]} Re4 {[%clk 0:12:18]} 32. Rd2 {[%clk
0:00:48]} Be5 {[%clk 0:12:09]} 33. Bf2 {[%clk 0:00:41]} Rxb4 {[%clk 0:10:48]} 34.
d6 {[%clk 0:00:35]} Re4 {[%clk 0:10:47]} 35. Nd5 {[%clk 0:00:35]} Rc6 {[%clk
0:08:28]} 36. Nb6 {[%clk 0:00:35]} Qd8 {[%clk 0:07:38]} 37. d7 {[%clk 0:00:36]}
Nc4 {[%clk 0:07:48]} 38. Nxc4 {[%clk 0:00:44]} bxc4 {[%clk 0:08:12]} 39. Rd5
{[%clk 0:00:38]} Rd6 {[%clk 0:08:05]} 40. Rfd1 {[%clk 0:30:39]} Qxd7 {[%clk
0:37:49]} 41. Rxd6 {[%clk 0:23:05]} Bxd6 {[%clk 0:38:14]} 42. Qf1 {[%clk
0:22:56]} Qc7 {[%clk 0:37:59]} 43. Rd5 {[%clk 0:21:26]} f4 {[%clk 0:36:01]} 44.
Rxd6 {[%clk 0:07:16]} Qxd6 {[%clk 0:36:10]} 45. Qa1+ {[%clk 0:07:38]} Qe5 {[%clk
0:35:53]} 46. Qxe5+ {[%clk 0:07:44]} Rxe5 {[%clk 0:36:06]} 47. Bd4 {[%clk
0:08:09]} fxg3+ {[%clk 0:35:20]} 48. Kxg3 {[%clk 0:08:32]} Kg8 {[%clk 0:35:36]}
49. Bxe5 {[%clk 0:07:01]} Kf7 {[%clk 0:35:57]} 50. Kf4 {[%clk 0:06:34]} Ke6
{[%clk 0:32:40]} 51. Bg7 {[%clk 0:05:00]} Kd5 {[%clk 0:29:59]} 52. h4 {[%clk
0:01:19]} Kd6 {[%clk 0:27:48]} 53. Kg5 {[%clk 0:01:12]} Ke6 {[%clk 0:28:11]} 54.
Bc3 {[%clk 0:00:41]} Kd5 {[%clk 0:28:26]} 55. Kh6 {[%clk 0:00:33]} Ke4 {[%clk
0:28:50]} 56. Kxh7 {[%clk 0:00:35]} Kf5 {[%clk 0:29:17]} 57. Kh6 {[%clk 0:00:35]}
Kg4 {[%clk 0:29:43]} 58. Be1 {[%clk 0:00:34]} c3 {[%clk 0:30:07]} 59. Kxg6 {[%clk
0:00:40]} c2 {[%clk 0:30:34]} 60. Bd2 {[%clk 0:01:03]} Kxh4 {[%clk 0:30:59]}
1/2-1/2

[Event "Women's Baku Chess Olympiad"]
[Site "chess24.com"]
[Date "2016.09.10"]
[Round "8"]
[White "Wickramasinghe, Dilhara Ishini"]
[Black "Omurbekova, Diana"]
[Result "1/2-1/2"]
[Board "2"]
[WhiteID "9906738"]
[WhiteElo "1750"]
[WhiteTitle "WFM"]
[WhiteCountry "SRI"]
[WhiteFideId "9906738"]
[WhiteEloChange "3"]
[BlackID "13800752"]
[BlackElo "1868"]
[BlackCountry "KGZ"]
[BlackFideId "13800752"]
[BlackEloChange "-3"]

1. d4 {[%clk 1:30:55]} Nf6 {[%clk 1:30:34]} 2. c4 {[%clk 1:31:02]} g6 {[%clk
1:30:24]} 3. Nc3 {[%clk 1:31:06]} Bg7 {[%clk 1:30:50]} 4. e4 {[%clk 1:31:31]} d6
{[%clk 1:31:16]} 5. Nf3 {[%clk 1:31:57]} O-O {[%clk 1:31:33]} 6. Be2 {[%clk
1:32:04]} e5 {[%clk 1:31:45]} 7. O-O {[%clk 1:32:19]} Nc6 {[%clk 1:32:00]} 8. d5
{[%clk 1:32:41]} Ne7 {[%clk 1:32:23]} 9. Ne1 {[%clk 1:32:56]} Ne8 {[%clk
1:31:53]} 10. Nd3 {[%clk 1:33:12]} f5 {[%clk 1:31:24]} 11. Bd2 {[%clk 1:33:19]}
f4 {[%clk 1:29:50]} 12. Bg4 {[%clk 1:31:28]} Bxg4 {[%clk 1:28:14]} 13. Qxg4
{[%clk 1:31:55]} h5 {[%clk 1:24:21]} 14. Qe2 {[%clk 1:25:51]} Nf6 {[%clk
1:23:03]} 15. f3 {[%clk 1:20:04]} g5 {[%clk 1:22:55]} 16. h3 {[%clk 1:17:01]} Qd7
{[%clk 1:21:53]} 17. Nf2 {[%clk 1:10:43]} c5 {[%clk 1:20:03]} 18. a3 {[%clk
1:10:23]} Kh7 {[%clk 1:16:27]} 19. b4 {[%clk 1:08:38]} b6 {[%clk 1:16:34]} 20.
Rab1 {[%clk 1:03:52]} Neg8 {[%clk 1:14:39]} 21. Rb3 {[%clk 0:57:39]} Nh6 {[%clk
1:12:54]} 22. bxc5 {[%clk 0:54:06]} bxc5 {[%clk 1:10:27]} 23. Rfb1 {[%clk
0:52:22]} Kg6 {[%clk 0:59:06]} 24. Rb7 {[%clk 0:47:20]} Qc8 {[%clk 0:55:31]} 25.
Re7 {[%clk 0:43:18]} Rf7 {[%clk 0:54:33]} 26. Rxf7 {[%clk 0:29:54]} Nxf7 {[%clk
0:52:18]} 27. Qd1 {[%clk 0:28:56]} Rb8 {[%clk 0:51:42]} 28. Rxb8 {[%clk 0:22:57]}
Qxb8 {[%clk 0:52:08]} 29. Qb1 {[%clk 0:22:42]} Qxb1+ {[%clk 0:45:39]} 30. Nxb1
{[%clk 0:23:09]} g4 {[%clk 0:44:45]} 31. Nc3 {[%clk 0:18:51]} a6 {[%clk 0:44:00]}
32. Na4 {[%clk 0:13:01]} Kg5 {[%clk 0:41:35]} 33. Nb6 {[%clk 0:03:06]} Kh4 {[%clk
0:37:41]} 34. Be1 {[%clk 0:01:26]} Kg5 {[%clk 0:32:59]} 35. Na8 {[%clk 0:01:04]}
gxf3 {[%clk 0:32:56]} 36. gxf3 {[%clk 0:01:28]} Ne8 {[%clk 0:33:12]} 37. Ba5
{[%clk 0:00:56]} Bf6 {[%clk 0:33:14]} 38. Nc7 {[%clk 0:00:59]} Nxc7 {[%clk
0:33:01]} 39. Bxc7 {[%clk 0:01:22]} Bd8 {[%clk 0:33:15]} 40. Bxd8+ {[%clk
0:31:00]} Nxd8 {[%clk 1:03:41]} 41. Nd3 {[%clk 0:27:15]} Nb7 {[%clk 1:03:23]} 42.
Nb2 {[%clk 0:25:54]} Na5 {[%clk 1:03:42]} 43. Kg2 {[%clk 0:25:40]} Kh4 {[%clk
1:03:13]} 44. Kh2 {[%clk 0:21:07]} Nb3 {[%clk 1:02:06]} 45. Kg2 {[%clk 0:14:32]}
Nd2 {[%clk 1:02:14]} 46. a4 {[%clk 0:13:10]} a5 {[%clk 1:02:24]} 47. Nd1 {[%clk
0:12:17]} Nxc4 {[%clk 1:02:35]} 48. Nc3 {[%clk 0:12:33]} Ne3+ {[%clk 0:59:54]}
49. Kh2 {[%clk 0:12:28]} Kg5 {[%clk 0:59:41]} 50. Nb5 {[%clk 0:12:14]} Nc4 {[%clk
0:59:58]} 51. Kg2 {[%clk 0:12:03]} Kf6 {[%clk 0:59:44]} 52. Kf2 {[%clk 0:12:02]}
Ke7 {[%clk 0:59:31]} 53. Ke2 {[%clk 0:12:02]} Nb2 {[%clk 0:59:04]} 54. Nc3 {[%clk
0:11:18]} Kd7 {[%clk 0:59:01]} 55. Kd2 {[%clk 0:10:53]} h4 {[%clk 0:55:40]} 56.
Kc2 {[%clk 0:09:38]} Nc4 {[%clk 0:56:06]} 57. Kd3 {[%clk 0:09:00]} Ne3 {[%clk
0:56:04]} 58. Kd2 {[%clk 0:06:37]} Nf1+ {[%clk 0:53:02]} 59. Ke1 {[%clk 0:06:15]}
Ne3 {[%clk 0:52:36]} 60. Kd2 {[%clk 0:06:25]} Nc4+ {[%clk 0:52:42]} 61. Kd3
{[%clk 0:04:34]} Nb6 {[%clk 0:51:05]} 62. Kc2 {[%clk 0:04:11]} Nc4 {[%clk
0:47:26]} 63. Kd3 {[%clk 0:02:35]} Ne3 {[%clk 0:46:18]} 64. Kd2 {[%clk 0:02:27]}
Nf1+ {[%clk 0:42:41]} 65. Ke1 {[%clk 0:02:43]} Ne3 {[%clk 0:41:41]} 66. Kd2
{[%clk 0:02:43]} 1/2-1/2

[Event "Women's Baku Chess Olympiad"]
[Site "chess24.com"]
[Date "2016.09.10"]
[Round "8"]
[White "Alymbay Kyzy, Aizhan"]
[Black "Mendis, Dasuni Hansika"]
[Result "1-0"]
[Board "3"]
[WhiteID "13800043"]
[WhiteElo "1913"]
[WhiteCountry "KGZ"]
[WhiteFideId "13800043"]
[WhiteEloChange "5"]
[BlackID "9907696"]
[BlackElo "1699"]
[BlackTitle "WCM"]
[BlackCountry "SRI"]
[BlackFideId "9907696"]
[BlackEloChange "-5"]

1. e4 {[%clk 1:30:58]} c6 {[%clk 1:30:49]} 2. d4 {[%clk 1:31:09]} d5 {[%clk
1:31:14]} 3. Nc3 {[%clk 1:31:16]} dxe4 {[%clk 1:31:37]} 4. Nxe4 {[%clk 1:31:42]}
Bf5 {[%clk 1:31:56]} 5. Ng3 {[%clk 1:32:07]} Bg6 {[%clk 1:32:20]} 6. h4 {[%clk
1:32:31]} h6 {[%clk 1:32:47]} 7. Nh3 {[%clk 1:28:55]} e6 {[%clk 1:31:29]} 8. Nf4
{[%clk 1:28:49]} Bh7 {[%clk 1:22:55]} 9. Bc4 {[%clk 1:26:23]} Bd6 {[%clk
1:20:15]} 10. Ngh5 {[%clk 1:19:30]} g6 {[%clk 0:58:46]} 11. Ng3 {[%clk 1:15:02]}
Nf6 {[%clk 0:56:37]} 12. Be3 {[%clk 1:04:37]} Nbd7 {[%clk 0:55:44]} 13. Qd2
{[%clk 0:59:25]} Ng4 {[%clk 0:51:29]} 14. O-O-O {[%clk 0:50:00]} Nxe3 {[%clk
0:38:35]} 15. Qxe3 {[%clk 0:44:08]} Qf6 {[%clk 0:26:09]} 16. Nd3 {[%clk 0:39:03]}
Bxg3 {[%clk 0:25:03]} 17. fxg3 {[%clk 0:25:03]} Qg7 {[%clk 0:22:53]} 18. Bb3
{[%clk 0:18:41]} O-O-O {[%clk 0:12:39]} 19. d5 {[%clk 0:13:07]} exd5 {[%clk
0:12:23]} 20. Qxa7 {[%clk 0:13:33]} g5 {[%clk 0:06:34]} 21. Qf2 {[%clk 0:04:51]}
Be4 {[%clk 0:06:03]} 22. c4 {[%clk 0:02:48]} dxc4 {[%clk 0:03:03]} 23. Bxc4
{[%clk 0:03:12]} Rhf8 {[%clk 0:02:38]} 24. Rhe1 {[%clk 0:01:44]} Qh7 {[%clk
0:01:11]} 25. Nc5 {[%clk 0:00:48]} Nxc5 {[%clk 0:01:09]} 26. Qxc5 {[%clk
0:01:16]} Bxg2 {[%clk 0:00:40]} 27. Bd3 {[%clk 0:00:52]} Qg7 {[%clk 0:00:52]} 28.
Qa7 {[%clk 0:00:43]} 1-0